<?xml version="1.0" encoding="UTF-8"?>
<marc:record xmlns:marc="http://www.loc.gov/MARC21/slim">
   <marc:leader>00000nam a2200000 a 4500</marc:leader>
   <marc:datafield ind1="1" ind2=" " tag="100">
      <marc:subfield code="a">Potyka, Georg</marc:subfield>
      <marc:subfield code="4">aut</marc:subfield>
      <marc:subfield code="e">Verfasser/-in</marc:subfield>
   </marc:datafield>
   <marc:datafield ind1=" " ind2=" " tag="653">
      <marc:subfield code="a">Bagdad</marc:subfield>
   </marc:datafield>
   <marc:datafield ind1=" " ind2=" " tag="653">
      <marc:subfield code="a">Saddam Hussein</marc:subfield>
   </marc:datafield>
   <marc:datafield ind1=" " ind2=" " tag="653">
      <marc:subfield code="a">Reisebericht</marc:subfield>
   </marc:datafield>
   <marc:datafield ind1="0" ind2="0" tag="245">
      <marc:subfield code="a">Nach Bagdad und weiter</marc:subfield>
   </marc:datafield>
   <marc:datafield ind1="0" ind2="0" tag="245">
      <marc:subfield code="b">ein österreichischer Botschafter im Orient</marc:subfield>
   </marc:datafield>
   <marc:datafield ind1="0" ind2="0" tag="245">
      <marc:subfield code="c">Georg Potyka</marc:subfield>
   </marc:datafield>
   <marc:datafield ind1=" " ind2="1" tag="264">
      <marc:subfield code="a">Klagenfurt</marc:subfield>
      <marc:subfield code="b">Kitab</marc:subfield>
      <marc:subfield code="c">2015</marc:subfield>
   </marc:datafield>
   <marc:datafield ind1="1" ind2=" " tag="520">
      <marc:subfield code="a">Angaben aus der Verlagsmeldung

Nach Bagdad und weiter : Ein österreichischer Botschafter im Orient / von Georg Potyka

Sigrid war eine angesehen Juristin. Ihre Ängste versucht sie für sich zu behalten. Wenn ihr das gelingt, ist ihre Welt trotz aller Unerklärbarkeiten in Ordnung. Jetzt betrachtet sie sich hauptsächlich als Mutter von Marion, Oma von Max und beste Freundin der wunderbaren Babette. Irritierend ist nur der namenlose Mann in ihrer Wohnung, der manchmal seltsam vertraut scheint und sehr oft ein Ärgernis ist.
Dieser Mann erzählt von einer ungewöhnlichen Liebe, die an den geballten Katastrophen im Schatten von Sigrids Alzheimererkrankung wächst, allem Schmerz zum Trotz. Als Sigrid in einer Winternacht abhanden geht, muss sich ihr Mann einer weiteren Wahrheit stellen.
</marc:subfield>
   </marc:datafield>
   <marc:datafield ind1=" " ind2=" " tag="020">
      <marc:subfield code="a">9783902878335</marc:subfield>
      <marc:subfield code="9">9783902878335</marc:subfield>
   </marc:datafield>
   <marc:datafield ind1=" " ind2=" " tag="300">
      <marc:subfield code="a">156 S.</marc:subfield>
   </marc:datafield>
</marc:record>
